000 00347nam a2200133Ia 4500
008 191201s2010 xx 000 0 und d
100 _aPANDIAN, Punithavathy
245 0 _aSecurity Analysis and Portfolio Management
250 _a2nd rep
260 _c2010
_bVikas Publication House
_aN. Delhi
300 _a464
650 _aMBA
942 _2ddc
_cBB
999 _c7355
_d7355